000 00706nam a2200229 i 4500
003 DO-SdBNP
005 20230720152433.0
007 ta
008 230720b2022 dr ||||| |||| 00| 0 spa d
040 _aDO-SdBNP
_bspa
_cBNPHU
_erda
082 4 _222
245 0 0 _aSistematización de la experiencia de FEDOMU en planificación municipal /
_credacción Ángela Malagón
264 _aSanto Domingo :
_bFEDOMU,
_c2022.
300 _a32 páginas ;
_c28 cm.
336 _2rdacontent
_atexto
_btxt
337 _2rdamedia
_asin mediación
_bn
338 _2rdacarrier
_avolumen
_bnc
590 _aInventariado, 2023/BT
700 1 _aMalagón, Ángela,
_eredacción
_943937
910 _aBtavárez
942 _2ddc
_cLF2
999 _c54225
_d54225